Top 30 Joueurs de tennis ATP en M250 depuis 1990 - Statistiques

Statistiques générales
  • Ce quiz a été pris 22 fois
    5 depuis la dernière actualisation
  • Le résultat moyen est 24 sur 32
Statistiques - réponses
Pays Points Jetpunk
M250
V M250 F M250 Joueur % Correct
USA 46 19 8 Andre AGASSI
100%
GBR 43 17 9 Andy MURRAY
100%
USA 51 21 9 Andy RODDICK
100%
ESP 40 16 8 David FERRER
100%
FRA 34 10 14 Gael MONFILS
100%
FRA 31 13 5 Gilles SIMON
100%
USA 49 20 9 Pete SAMPRAS
100%
FRA 43 16 11 Richard GASQUET
100%
SUI 59 25 9 Roger FEDERER
100%
ESP 41 13 15 Carlos MOYA
80%
NOR 28 12 4 Casper RUUD
80%
USA 38 15 8 John ISNER
80%
FRA 32 14 4 Jo Wilfried TSONGA
80%
AUS 52 22 8 Lleyton HEWITT
80%
CRO 44 17 10 Marin CILIC
80%
ESP 29 11 7 Nicolas ALMAGRO
80%
SRB 31 13 5 Novak DJOKOVIC
80%
ESP 32 11 10 Roberto BAUTISTA AGUT
80%
AUT 58 26 6 Thomas MUSTER
80%
RUS 48 19 10 Yevgeny KAFELNIKOV
80%
CHI 28 11 6 Fernando GONZALEZ
60%
CRO 34 11 12 Goran IVANISEVIC
60%
USA 28 9 10 James BLAKE
60%
CHI 29 10 9 Marcelo RIOS
60%
USA 49 19 11 Michael CHANG
60%
RUS 38 16 6 Nikolay DAVYDENKO
60%
ESP 32 10 12 Sergi BRUGUERA
60%
ESP 28 10 8 Tommy ROBREDO
60%
ESP 33 13 7 Alberto BERASATEGUI
40%
GBR 28 10 8 Greg RUSEDSKI
40%
SWE 32 12 8 Magnus GUSTAFSSON
40%
SWE 32 14 4 Thomas ENQVIST
40%
Aucun quiz correspondant
Distribution des résultats
% des personnes avec chaque résultat
Percentile par nombre de réponses
Votre historique - résultats
Vous n’avez pas pris ce quiz depuis la dernière actualisation